Normal view MARC view
  • Wheatley, Patrick O

Entry Personal Name

Number of records used in: 3

001 - CONTROL NUMBER

  • control field: 103479

003 - CONTROL NUMBER IDENTIFIER

  • control field: NUST

005 - DATE AND TIME OF LATEST TRANSACTION

  • control field: 20221124121007.0

008 - FIXED-LENGTH DATA ELEMENTS

  • fixed length control field: 221124|| aca||aabn | a|a d

040 ## - CATALOGING SOURCE

  • Original cataloging agency: NUST
  • Transcribing agency: NUST

100 ## - HEADING--PERSONAL NAME

  • Personal name: Wheatley, Patrick O

670 ## - SOURCE DATA FOUND

  • Source citation: Work cat.: (NUST)180596: Gerald, Curtis F., 104, Applied numerical analysis / , c1994.
© 2023 Central Library, National University of Sciences and Technology. All Rights Reserved.